Culture Générale #4 - Statistiques

Statistiques générales
  • Ce quiz a été pris 212 fois
  • Le résultat moyen est 8 sur 12
Statistiques - réponses
Question Réponse % Correct
Quelle planète est surnommée "La Planète Rouge" ? Mars
99%
Dans quelle ville italienne se trouve le Colisée ? Rome
99%
Combien de joueurs sur le terrain comporte une équipe de basketball ? 5
93%
Quelle est la capitale de la Corée du Sud ? Séoul
90%
Quel est l'animal emblème de l'Australie ? Kangourou
86%
Qui a peint "La Nuit Étoilée" ? Vincent van Gogh
86%
Quel pays a pour devise "In God We Trust" ? États-Unis
73%
Quel est le nom du plus célèbre détective belge inventé par Agatha Christie ? Hercule Poirot
65%
Qui a fondé le mouvement impressionniste avec son tableau "Impression, soleil levant" ? Claude Monet
48%
Quel est le métal principal contenu dans les pièces d’un euro (partie dorée) ? Laiton
12%
Quel écrivain est l'auteur de "Cent ans de Solitude" ? Gabriel García Márquez
8%
Quelle est la formule mathématiques ( réduite ) de l'aire d'un cercle ? πr²
1%
Aucun quiz correspondant
Distribution des résultats
% des personnes avec chaque résultat
Percentile par nombre de réponses
Votre historique - résultats
Vous n’avez pas pris ce quiz